000 00520nam a2200193Ia 4500
005 20250508153758.0
008 008 250505s9999 xx 000 0 hin d
037 _aTextual
040 _aFEDL
_beng
_cFEDL
041 _ahin
_2eng
084 _a371.3, JIV
_qFEDL
100 _aJiveenayakam D
_9764397
245 0 _aShiksha - Shastra
260 _aLucknow, India
_bAshok Prakashan
_c1955
300 _a103p.
650 _aTeaching Technique
942 _cTEXL
_h371.3, JIV
999 _c1345442
_d1345442